[Event "16.Città di Padova Open A"]
[Site "Padova Fornace Carotta"]
[Date "2013.12.16"]
[Round "2.18"]
[White "Sanchez, Joseph"]
[Black "Movileanu, Daniela"]
[Result "1-0"]
[WhiteElo "2534"]
[BlackElo "2051"]
[Annotator "Gabriele Ballarin"]
[PlyCount "71"]
[EventDate "2013.12.15"]
[EventType "swiss"]
[EventRounds "9"]
[EventCountry "ITA"]

1. e4 e5 2. Nf3 Nc6 3. Bc4 Bc5 4. b4 Bxb4 5. c3 Ba5 6. O-O Nf6 7. d4 d6 8. Qa4 Nd7 9. Bd5 Bb6 10. Bg5 f6 11. Be3 Na5 12. a3 c6 13. Ba2 Bc7 14. Nbd2 b5 15. Qc2 Nb6 16. Rfd1 Qe7 17. c4 Be6 18. d5 Bf7 19. cxb5 cxd5 20. exd5 Nxd5 21. Qe4 f5 22. Qxf5 Nxe3 23. fxe3 Bg6 24. Qg4 Bb6 25. Ne4 Bxe3+ 26. Kh1 Rd8 27. Nh4 Bxe4 28. Qxe4 Bc5 29. Rf1 Qg5 30. Qd5 Rd7 31. Nf5 Rf8 32. Nd4 Rf6 33. Ne6 Qg4 34. Rxf6 gxf6 35. Qa8+ Kf7 36. Nxc5+ 1-0

[Event "16.Città di Padova Open A"]
[Site "Padova Fornace Carotta"]
[Date "2013.12.16"]
[Round "2.19"]
[White "Viaggi, Stefano"]
[Black "Naumkin, Igor"]
[Result "0-1"]
[WhiteElo "2033"]
[BlackElo "2445"]
[Annotator "Gabriele Ballarin"]
[PlyCount "140"]
[EventDate "2013.12.15"]
[EventType "swiss"]
[EventRounds "9"]
[EventCountry "ITA"]

1. e4 e6 2. d4 d5 3. exd5 exd5 4. Nf3 Bd6 5. Bd3 Ne7 6. Nc3 O-O 7. O-O h6 8. Nb5 Nbc6 9. Nxd6 Qxd6 10. c3 Bg4 11. h3 Bh5 12. Re1 Qf6 13. Be3 Rae8 14. b4 Nc8 15. b5 Na5 16. g4 Bg6 17. Ne5 Bxd3 18. Qxd3 Nb6 19. f4 Nac4 20. Bd2 Qh4 21. Kg2 Nxe5 22. fxe5 Nc4 23. Rf1 f6 24. exf6 Rxf6 25. Rxf6 Qxf6 26. Rf1 Qe6 27. Re1 Qd7 28. Qg6 Rxe1 29. Bxe1 Qf7 30. Qd3 Qe8 31. Qg3 Qxb5 32. g5 hxg5 33. Qxg5 Nd6 34. Bf2 Qc6 35. Qd8+ Kf7 36. Be1 Nf5 37. h4 Qg6+ 38. Kh1 Ne7 39. Bf2 Qf5 40. Kg2 Qc8 41. Qxc8 Nxc8 42. Bg3 c6 43. Kf3 g6 44. Kg4 Ne7 45. h5 gxh5+ 46. Kxh5 Nf5 47. Bf2 Nd6 48. Kg4 Ke6 49. Kf4 Ne4 50. Be1 b5 51. Ke3 Kf5 52. Kd3 Kf4 53. Bh4 Kf3 54. Be7 Nf2+ 55. Kd2 Ke4 56. Bc5 a6 57. Bb4 Nd3 58. Ba5 Nb2 59. Bb4 Nc4+ 60. Kc2 Ke3 61. Bc5 Ke2 62. Bb4 Ne3+ 63. Kb3 Kd3 64. Ba5 Nc4 65. Bb4 a5 66. Bc5 Nd2+ 67. Kb2 Ne4 68. Bb6 Nxc3 69. Bxa5 Na4+ 70. Kb3 Kxd4 0-1

[Event "16.Città di Padova Open A"]
[Site "Padova Fornace Carotta"]
[Date "2013.12.16"]
[Round "2.20"]
[White "Massironi, Marco"]
[Black "Dorigo, Tommaso"]
[Result "1-0"]
[WhiteElo "2221"]
[BlackElo "1996"]
[Annotator "Gabriele Ballarin"]
[PlyCount "78"]
[EventDate "2013.12.15"]
[EventType "swiss"]
[EventRounds "9"]
[EventCountry "ITA"]

1. e4 Nf6 2. e5 Nd5 3. d4 d6 4. Nf3 Bg4 5. Be2 e6 6. h3 Bh5 7. c4 Nb6 8. exd6 cxd6 9. Nc3 Be7 10. d5 e5 11. g4 Bg6 12. h4 h6 13. h5 Bh7 14. Bd3 Bxd3 15. Qxd3 Qc8 16. b3 Qxg4 17. Rg1 Qxh5 18. Rxg7 Bf8 19. Rg1 N8d7 20. Ne4 O-O-O 21. Ba3 Qh3 22. O-O-O f5 23. Ng3 e4 24. Qc3 Be7 25. Nd4 Ne5 26. Nxe4 Qxc3+ 27. Nxc3 Ng4 28. Nxf5 Bg5+ 29. Kc2 Nxf2 30. Rdf1 Nh3 31. Rh1 Nf4 32. Nxd6+ Rxd6 33. Bxd6 Ng2 34. Rf7 Nd7 35. Ne4 Ne3+ 36. Kd3 Ng4 37. Nxg5 Rg8 38. Re1 hxg5 39. Ree7 Ngf6 1-0

[Event "16.Città di Padova Open A"]
[Site "Padova Fornace Carotta"]
[Date "2013.12.16"]
[Round "2.21"]
[White "Murgia, Andrea"]
[Black "Fregonese, Giulio"]
[Result "1-0"]
[WhiteElo "1977"]
[BlackElo "2200"]
[Annotator "Gabriele Ballarin"]
[PlyCount "151"]
[EventDate "2013.12.15"]
[EventType "swiss"]
[EventRounds "9"]
[EventCountry "ITA"]

1. e4 e5 2. Nf3 Nc6 3. Bb5 f5 4. Nc3 fxe4 5. Nxe4 Nf6 6. Nxf6+ Qxf6 7. O-O Nd4 8. Nxd4 exd4 9. c3 Be7 10. cxd4 c6 11. Bd3 d5 12. Qc2 g6 13. b4 a6 14. Rb1 O-O 15. Rb3 Bd6 16. Bb2 Bg4 17. a4 Qf4 18. g3 Qf6 19. f4 Rae8 20. b5 axb5 21. axb5 Bb8 22. bxc6 bxc6 23. Rb6 Bd7 24. Rb7 Rf7 25. Qb3 Bd6 26. Ba6 Rfe7 27. Qf3 h5 28. Qf2 Bh3 29. Rxe7 Rxe7 30. Rc1 Bd7 31. Bc3 Qe6 32. Bd3 Re8 33. Ra1 Bf8 34. Qf3 Qf6 35. Ra6 Re6 36. f5 Rd6 37. Ra8 Bxf5 38. Bxf5 Qxf5 39. Qxf5 gxf5 40. Bb4 Rf6 41. Rc8 Kg7 42. Bxf8+ Rxf8 43. Rxc6 Re8 44. Kf2 Re4 45. d3 Rxd4 46. Ke3 Ra4 47. Rd6 h4 48. Rxd5 Kf6 49. Rd4 Ra2 50. Rxh4 Kg5 51. h3 Rb2 52. Kf3 Rd2 53. Rd4 Rd1 54. h4+ Kf6 55. Ke2 Rg1 56. Rd6+ Ke5 57. Rg6 Rh1 58. Rg5 Kf6 59. d4 f4 60. gxf4 Rxh4 61. Ke3 Rh1 62. Re5 Rd1 63. Ke4 Ra1 64. Rc5 Re1+ 65. Kd5 Rf1 66. Rc6+ Ke7 67. Rc7+ Kf6 68. Kd6 Rxf4 69. d5 Rd4 70. Rc5 Rd1 71. Kd7 Rh1 72. d6 Rh7+ 73. Kc6 Rh8 74. Kc7 Rh7+ 75. d7 Ke6 76. Rc6+ 1-0

[Event "16.Città di Padova Open A"]
[Site "Padova Fornace Carotta"]
[Date "2013.12.16"]
[Round "2.22"]
[White "Seyfried, Claus"]
[Black "Sherifaj, Pasho"]
[Result "1-0"]
[WhiteElo "2190"]
[BlackElo "1970"]
[Annotator "Gabriele Ballarin"]
[PlyCount "95"]
[EventDate "2013.12.15"]
[EventType "swiss"]
[EventRounds "9"]
[EventCountry "ITA"]

1. e4 d6 2. d4 Nf6 3. Nc3 g6 4. f4 Bg7 5. Nf3 O-O 6. Bd3 Nc6 7. e5 dxe5 8. fxe5 Nd5 9. O-O Bg4 10. Nxd5 Qxd5 11. c3 f5 12. Qa4 Kh8 13. Ng5 Nxe5 14. dxe5 Qxd3 15. Ne6 Rfc8 16. Bf4 b5 17. Qb4 Qd5 18. Qxe7 Rg8 19. Ng5 h6 20. Nf7+ Kh7 21. Nxh6 Qd8 22. Nxg8 Kxg8 23. Qe6+ Kh7 24. Rae1 Qe8 25. Qxe8 Rxe8 26. e6 b4 27. h3 Bh5 28. Be5 Rxe6 29. Bxg7 Rxe1 30. Rxe1 Kxg7 31. cxb4 Kf7 32. Rc1 a6 33. Rxc7+ Kf8 34. Kf2 g5 35. Ra7 Bf7 36. Rxa6 Bd5 37. Rf6+ Ke7 38. Rxf5 Bxa2 39. Rxg5 Kf6 40. h4 Be6 41. b5 Bc8 42. b6 Bb7 43. Rg8 Ke6 44. h5 Bd5 45. h6 Kf6 46. Rg3 Be4 47. Ke3 Ke5 48. Rg5+ 1-0

[Event "16.Città di Padova Open A"]
[Site "Padova Fornace Carotta"]
[Date "2013.12.16"]
[Round "2.23"]
[White "Giuriato, Sergio"]
[Black "Dappiano, Andrea"]
[Result "0-1"]
[WhiteElo "1963"]
[BlackElo "2182"]
[Annotator "Gabriele Ballarin"]
[PlyCount "46"]
[EventDate "2013.12.15"]
[EventType "swiss"]
[EventRounds "9"]
[EventCountry "ITA"]

1. d4 d6 2. Nf3 Bg4 3. c4 Bxf3 4. exf3 g6 5. Nc3 Bg7 6. Be3 c6 7. Be2 Nd7 8. Qd2 Ngf6 9. d5 O-O 10. O-O Qa5 11. Rfd1 Rfc8 12. Rac1 cxd5 13. cxd5 Nb6 14. b3 Rc7 15. Ne4 Qxd2 16. Nxf6+ Bxf6 17. Bxd2 Rac8 18. Rxc7 Rxc7 19. Ba5 Rc2 20. Kf1 Rxa2 21. Bxb6 axb6 22. Bb5 Bc3 23. Rd3 Ra1+ 0-1

[Event "16.Città di Padova Open A"]
[Site "Padova Fornace Carotta"]
[Date "2013.12.16"]
[Round "2.24"]
[White "Nepi, Ezio"]
[Black "Santolini, Luigi"]
[Result "0-1"]
[WhiteElo "1924"]
[BlackElo "2122"]
[Annotator "Gabriele Ballarin"]
[PlyCount "114"]
[EventDate "2013.12.15"]
[EventType "swiss"]
[EventRounds "9"]
[EventCountry "ITA"]

1. d4 Nf6 2. c4 c5 3. d5 e6 4. Nc3 exd5 5. cxd5 d6 6. Nf3 g6 7. Bf4 a6 8. a4 Bg7 9. h3 O-O 10. e3 Re8 11. Nd2 b6 12. Nc4 Bf8 13. Qb3 Nbd7 14. Nxd6 Bxd6 15. Bxd6 Ne5 16. Bxe5 Rxe5 17. Be2 Qd6 18. Bf3 Bf5 19. O-O Bd3 20. Rfe1 c4 21. Qa3 Qxa3 22. Rxa3 Rb8 23. b3 cxb3 24. Rxb3 Bc4 25. Rb2 Bxd5 26. Bxd5 Nxd5 27. f4 Rxe3 28. Rxe3 Nxe3 29. Kf2 Rc8 30. Kxe3 Rxc3+ 31. Kd4 Rc6 32. Kd5 Rf6 33. g3 Kf8 34. Rc2 Rf5+ 35. Kc6 Ra5 36. Rc4 b5 37. axb5 axb5 38. Rb4 Ra3 39. g4 Rxh3 40. g5 Rh4 41. Kxb5 f6 42. Rc4 fxg5 43. Rc8+ Ke7 44. fxg5 Ke6 45. Rc5 Rf4 46. Rc7 Kf5 47. Rxh7 Kxg5 48. Kc5 Kg4 49. Kd5 g5 50. Ke5 Ra4 51. Rh1 Kf3 52. Rh3+ Kg2 53. Rb3 g4 54. Rb2+ Kh3 55. Rb1 g3 56. Rh1+ Kg2 57. Rb1 Kh2 0-1

[Event "16.Città di Padova Open A"]
[Site "Padova Fornace Carotta"]
[Date "2013.12.16"]
[Round "2.25"]
[White "Gallo, Enrico"]
[Black "Di Lazzaro, Gabriele"]
[Result "1/2-1/2"]
[WhiteElo "2108"]
[BlackElo "1941"]
[Annotator "Gabriele Ballarin"]
[PlyCount "71"]
[EventDate "2013.12.15"]
[EventType "swiss"]
[EventRounds "9"]
[EventCountry "ITA"]

1. e4 d5 2. exd5 Nf6 3. Nf3 Nxd5 4. Bc4 e6 5. O-O Be7 6. d4 Nd7 7. Qe2 O-O 8. Bb3 c5 9. Rd1 cxd4 10. Nxd4 Kh8 11. Na3 Bxa3 12. bxa3 Nc3 13. Qe1 Nxd1 14. Qxd1 Nc5 15. Bb2 Nxb3 16. axb3 e5 17. Nb5 Qxd1+ 18. Rxd1 f6 19. c4 Bf5 20. Rc1 Rfd8 21. c5 Rd2 22. Bc3 Rc2 23. Rd1 h6 24. Bb4 Rb2 25. Nd6 Rb1 26. Rxb1 Bxb1 27. Nxb7 Bc2 28. Na5 Kg8 29. f3 Kf7 30. Kf2 Ke6 31. Ke3 Kd7 32. Kd2 Bf5 33. a4 Be6 34. Kc3 Kc7 35. Ba3 a6 36. Bc1 1/2-1/2

[Event "16.Città di Padova Open A"]
[Site "Padova Fornace Carotta"]
[Date "2013.12.16"]
[Round "2.26"]
[White "Cardili, Mariano"]
[Black "Franco, Alessandro P"]
[Result "1/2-1/2"]
[WhiteElo "2106"]
[BlackElo "1912"]
[Annotator "Gabriele Ballarin"]
[PlyCount "120"]
[EventDate "2013.12.15"]
[EventType "swiss"]
[EventRounds "9"]
[EventCountry "ITA"]

1. d4 Nf6 2. c4 e6 3. Nc3 Bb4 4. e3 d5 5. Nf3 Nbd7 6. Bd3 dxc4 7. Bxc4 O-O 8. O-O b6 9. Qe2 Bb7 10. Rd1 Bxc3 11. bxc3 Ne4 12. Bb2 Qe8 13. Nd2 Kh8 14. Nxe4 Bxe4 15. f3 Bb7 16. e4 Nf6 17. Bc1 h6 18. Bf4 Qe7 19. Qe3 Rfd8 20. Bd3 Rd7 21. Bc2 Rc8 22. Qd3 c5 23. e5 c4 24. Qd2 Ng8 25. Re1 Bd5 26. Re2 Rb7 27. Be4 Rd8 28. g4 Qa3 29. Rg2 b5 30. g5 h5 31. g6 Bxe4 32. fxe4 fxg6 33. Rxg6 Ne7 34. Rxe6 b4 35. Bg5 bxc3 36. Qc1 Qxc1+ 37. Rxc1 Rxd4 38. Rxe7 Rb2 39. Rf7 Rxe4 40. h4 c2 41. Rf2 Rxa2 42. Rfxc2 Ra3 43. Rxc4 Rxe5 44. Rf4 a5 45. Rc8+ Kh7 46. Rc7 Rb5 47. Rff7 Rb1+ 48. Kf2 Ra2+ 49. Ke3 Re1+ 50. Kd4 Rd1+ 51. Kc5 Rc2+ 52. Kb6 Rb1+ 53. Ka6 Rxc7 54. Rxc7 a4 55. Rc3 Rb3 56. Rc4 a3 57. Ra4 Kg6 58. Be7 Kf5 59. Rxa3 Rxa3+ 60. Bxa3 g5 1/2-1/2

[Event "16.Città di Padova Open A"]
[Site "Padova Fornace Carotta"]
[Date "2013.12.16"]
[Round "2.28"]
[White "Andreoni, Giuseppe"]
[Black "Antoniacci, Riccardo"]
[Result "1/2-1/2"]
[WhiteElo "2103"]
[BlackElo "1883"]
[Annotator "Gabriele Ballarin"]
[PlyCount "71"]
[EventDate "2013.12.15"]
[EventType "swiss"]
[EventRounds "9"]
[EventCountry "ITA"]

1. e4 c5 2. Nf3 Nc6 3. Bb5 g6 4. Bxc6 dxc6 5. Nc3 Bg7 6. d3 Nf6 7. h3 Qc7 8. Be3 b6 9. Qd2 e5 10. Bh6 O-O 11. Bxg7 Kxg7 12. Qg5 Re8 13. Ne2 h6 14. Qe3 Be6 15. Nd2 Rad8 16. g4 h5 17. g5 Nh7 18. f4 exf4 19. Nxf4 Qe7 20. Rg1 Bc8 21. O-O-O Nf8 22. Kb1 Ne6 23. Nxe6+ Bxe6 24. Rdf1 c4 25. Nxc4 Bxc4 26. dxc4 Qxe4 27. Qc3+ Qd4 28. Qb3 Re3 29. Qa4 Rg3 30. Rh1 Rxh3 31. Qxc6 Rxh1 32. Qxh1 Qxc4 33. Qf3 Qe6 34. Qc3+ Kh7 35. b3 Rc8 36. Rxf7+ 1/2-1/2

[Event "16.Città di Padova Open A"]
[Site "Padova Fornace Carotta"]
[Date "2013.12.16"]
[Round "2.29"]
[White "Zangrando, Gianpietro"]
[Black "Lantini, Marco"]
[Result "1-0"]
[WhiteElo "1847"]
[BlackElo "2089"]
[Annotator "Gabriele Ballarin"]
[PlyCount "76"]
[EventDate "2013.12.15"]
[EventType "swiss"]
[EventRounds "9"]
[EventCountry "ITA"]

{[%evp 0,76,28,29,23,-5,40,25,25,6,6,-27,-23,-88,-22,-55,-36,-34,0,-26,0,0,48,65,64,64,82,43,45,34,60,22,43,5,64,19,6,12,12,12,12,-32,-30,-7,6,8,12,-12,6,-12,9,60,60,-2,61,-26,11,-81,-28,-29,-16,0,0,35,157,157,157,146,146,146,146,138,134,94,148,80,110,118,142]} 1. Nf3 d5 2. g3 Bg4 3. Ne5 Bf5 4. Bg2 f6 5. Nf3 e5 6. c4 d4 7. Qb3 Nd7 8. Qxb7 Nc5 9. Qb5+ Bd7 10. Qa5 Bd6 11. b4 Ne6 12. c5 Bf8 13. d3 Ne7 14. Nfd2 Rb8 15. a3 Bb5 16. O-O a6 17. a4 Nc6 18. Bxc6+ Bxc6 19. f3 Qd7 20. Ne4 Be7 21. Nbd2 O-O 22. Nc4 Qd5 23. Rb1 f5 24. Bd2 fxe4 25. fxe4 Qd8 26. Nxe5 Bd7 27. c6 Bc8 28. Rfc1 Bf6 29. Nf3 Kh8 30. b5 axb5 31. Qa7 Bd7 32. cxd7 Qxd7 33. Rxb5 Rxb5 34. axb5 Qxb5 35. Qa3 c5 36. Rc4 Qe8 37. Qa6 Qf7 38. Rc1 g5 {Nur} 1-0

[Event "16.Città di Padova Open A"]
[Site "Padova Fornace Carotta"]
[Date "2013.12.16"]
[Round "2.30"]
[White "Redo, Giorgio"]
[Black "Battagin_214, Mosè"]
[Result "1-0"]
[WhiteElo "2084"]
[BlackElo "1844"]
[Annotator "Gabriele Ballarin"]
[PlyCount "61"]
[EventDate "2013.12.15"]
[EventType "swiss"]
[EventRounds "9"]
[EventCountry "ITA"]

1. f4 e5 2. fxe5 Nc6 3. Nf3 g5 4. d4 g4 5. Bg5 Be7 6. Bxe7 Qxe7 7. Ng1 Qb4+ 8. Nc3 Nge7 9. e3 Qxb2 10. Ne4 Nd5 11. Rb1 Qxa2 12. Rb3 Ncb4 13. Rxb4 Nxb4 14. Nf6+ Kf8 15. Bd3 h5 16. h3 g3 17. Ne2 Nd5 18. Nxd5 Qxd5 19. O-O d6 20. Nf4 Qa2 21. Ng6+ Kg7 22. Nxh8 Bg4 23. hxg4 Rxh8 24. gxh5 dxe5 25. Qg4+ Kf8 26. dxe5 Rg8 27. Qc8+ Kg7 28. h6+ Kh8 29. Qf5 Rg6 30. Qh5 Rb6 31. Qg5 1-0

[Event "16.Città di Padova Open A"]
[Site "Padova Fornace Carotta"]
[Date "2013.12.16"]
[Round "2.31"]
[White "Favero, Graziano"]
[Black "Messina, Roberta"]
[Result "1/2-1/2"]
[WhiteElo "1829"]
[BlackElo "2066"]
[Annotator "Gabriele Ballarin"]
[PlyCount "108"]
[EventDate "2013.12.15"]
[EventType "swiss"]
[EventRounds "9"]
[EventCountry "ITA"]

1. e4 c5 2. Nf3 d6 3. d4 cxd4 4. Nxd4 Nf6 5. Nc3 a6 6. Be2 e6 7. Be3 Be7 8. O-O O-O 9. f4 Nc6 10. Kh1 Qc7 11. Qe1 Re8 12. Qg3 Bd7 13. Rae1 b5 14. a3 Rad8 15. e5 Nd5 16. Nxd5 exd5 17. Bf3 dxe5 18. fxe5 Nxd4 19. Bxd4 Be6 20. Bh5 Bf8 21. c3 a5 22. Be2 Rb8 23. Bd3 g6 24. h4 b4 25. axb4 axb4 26. h5 bxc3 27. bxc3 Ba3 28. hxg6 hxg6 29. Rf6 Re7 30. Ref1 Kf8 31. Bxg6 Ke8 32. Bc2 Kd7 33. Ba4+ Kc8 34. Qg8+ Qd8 35. Qxd8+ Kxd8 36. R6f2 Ra8 37. Bd1 Bc1 38. Bh5 Ra1 39. c4 Rb1 40. cxd5 Bxd5 41. Rc2 Rb4 42. Rfxc1 Rxd4 43. Rc8+ Kd7 44. R1c7+ Ke6 45. Rxe7+ {=} Kxe7 46. Bf3 Kd7 47. Rc1 Ke6 48. Re1 Bxf3 49. gxf3 Rd5 50. f4 Rd4 51. Rf1 Kf5 {=} 52. Kg2 Kg4 53. f5 Rd2+ 54. Kg1 Kg3 {=} 1/2-1/2

[Event "16.Città di Padova Open A"]
[Site "Padova Fornace Carotta"]
[Date "2013.12.17"]
[Round "3.13"]
[White "De Santis, Alessio"]
[Black "Mogranzini, Roberto"]
[Result "0-1"]
[WhiteElo "2282"]
[BlackElo "2506"]
[Annotator "Gabriele Ballarin"]
[PlyCount "78"]
[EventDate "2013.12.15"]
[EventType "swiss"]
[EventRounds "9"]
[EventCountry "ITA"]

1. b4 d5 2. Nf3 Nf6 3. Bb2 Bf5 4. e3 e6 5. a3 h6 6. d4 Nbd7 7. c4 a5 8. b5 dxc4 9. Bxc4 Bd6 10. Nbd2 Qe7 11. O-O O-O 12. Re1 Nb6 13. Bf1 Ne4 14. Nxe4 Bxe4 15. Nd2 Bg6 16. e4 e5 17. Nc4 Nxc4 18. Bxc4 c6 19. bxc6 {=} bxc6 20. dxe5 Bxe5 21. Bxe5 Qxe5 22. Rc1 Rfd8 23. Qc2 Rab8 24. Bb3 Qe7 25. Re3 Rd4 26. f3 a4 27. Bc4 Qa7 28. Qf2 Rxc4 29. Rec3 Qxf2+ 30. Kxf2 Rxc3 31. Rxc3 Rb3 32. Rxc6 Rxa3 33. Rc8+ Kh7 34. g4 Ra1 35. h4 a3 36. h5 Bxh5 37. gxh5 a2 38. Ra8 Rh1 39. Kg2 a1=Q 0-1

[Event "16.Città di Padova Open A"]
[Site "Padova Fornace Carotta"]
[Date "2013.12.17"]
[Round "3.14"]
[White "Stella, Andrea"]
[Black "Seyfried, Claus"]
[Result "1-0"]
[WhiteElo "2454"]
[BlackElo "2190"]
[Annotator "Gabriele Ballarin"]
[PlyCount "69"]
[EventDate "2013.12.15"]
[EventType "swiss"]
[EventRounds "9"]
[EventCountry "ITA"]

1. Nf3 d5 2. g3 Nf6 3. Bg2 c6 4. c4 dxc4 5. O-O Be6 6. Ng5 Bd5 7. e4 h6 8. exd5 hxg5 9. dxc6 Nxc6 10. Na3 Qd3 11. Qa4 O-O-O 12. Re1 e6 13. Bxc6 bxc6 14. Qxc6+ Kb8 15. Qb5+ Ka8 16. Qc6+ Kb8 17. Nxc4 Qd5 18. Ne5 Bc5 19. Qxd5 Rxd5 20. d4 Bxd4 21. Nc6+ Kb7 22. Nxd4 Rxd4 23. Bxg5 Ng4 24. h4 f6 25. Be3 Nxe3 26. Rxe3 e5 27. Rb3+ Ka8 28. Rc1 Rhd8 29. Rc7 R4d7 30. Rbb7 Rxc7 31. Rxc7 g5 32. h5 Rh8 33. g4 f5 34. gxf5 Rxh5 (34... Rh6 35. f6) 35. f6 1-0

[Event "16.Città di Padova Open A"]
[Site "Padova Fornace Carotta"]
[Date "2013.12.17"]
[Round "3.15"]
[White "Dappiano, Andrea"]
[Black "Laketic, Gojko"]
[Result "0-1"]
[WhiteElo "2182"]
[BlackElo "2447"]
[Annotator "Gabriele Ballarin"]
[PlyCount "28"]
[EventDate "2013.12.15"]
[EventType "swiss"]
[EventRounds "9"]
[EventCountry "ITA"]

1. c4 c6 2. e4 d5 3. exd5 cxd5 4. d4 Nf6 5. Nc3 Nc6 6. Bg5 Be6 7. Nf3 g6 8. c5 Ne4 9. Bb5 Bg7 10. O-O O-O 11. Re1 Nxg5 12. Nxg5 Nxd4 13. Nxe6 fxe6 14. Qa4 Qc7 0-1

[Event "16.Città di Padova Open A"]
[Site "Padova Fornace Carotta"]
[Date "2013.12.17"]
[Round "3.16"]
[White "Naumkin, Igor"]
[Black "Quaranta, Cristiano"]
[Result "1/2-1/2"]
[WhiteElo "2445"]
[BlackElo "2169"]
[Annotator "Gabriele Ballarin"]
[PlyCount "33"]
[EventDate "2013.12.15"]
[EventType "swiss"]
[EventRounds "9"]
[EventCountry "ITA"]

1. d4 Nf6 2. Nf3 c5 3. d5 b5 4. c4 g6 5. cxb5 a6 6. b6 Qxb6 7. Nc3 d6 8. e4 Nbd7 9. h3 Bg7 10. Be2 O-O 11. O-O Ne8 12. Re1 Nc7 13. a4 Rb8 14. Ra3 Ne5 15. Nxe5 Bxe5 16. Bf1 e6 17. Bc4 {=} 1/2-1/2

[Event "16.Città di Padova Open A"]
[Site "Padova Fornace Carotta"]
[Date "2013.12.17"]
[Round "3.17"]
[White "Santolini, Luigi"]
[Black "Bruno, Fabio"]
[Result "1/2-1/2"]
[WhiteElo "2122"]
[BlackElo "2414"]
[Annotator "Gabriele Ballarin"]
[PlyCount "100"]
[EventDate "2013.12.15"]
[EventType "swiss"]
[EventRounds "9"]
[EventCountry "ITA"]

1. d4 Nf6 2. c4 e6 3. Nf3 d5 4. Nc3 c6 5. e3 Nbd7 6. Qc2 Bd6 7. b3 O-O 8. Be2 Qe7 9. Bb2 a6 10. O-O e5 11. dxe5 Nxe5 12. cxd5 cxd5 13. Na4 Bg4 14. Nxe5 Bxe5 15. Bxg4 Nxg4 16. h3 Nf6 17. Bxe5 Qxe5 18. Qc3 Qf5 19. Qd4 Rae8 20. Nc3 Re6 21. Rad1 Rd8 22. e4 Nxe4 23. Nxd5 Rde8 24. Nc7 Rd6 25. Qxg7+ Kxg7 26. Nxe8+ Kf8 27. Nxd6 Nxd6 28. Rxd6 Qc2 29. Rfd1 Qxa2 30. R1d3 b5 31. Rd8+ Ke7 32. R8d7+ Ke8 33. Rd8+ Ke7 34. R8d7+ Ke8 35. R7d4 a5 36. Re3+ Kf8 37. Rd8+ Kg7 38. Rg3+ Kf6 39. Rf3+ Ke7 40. Rdd3 Qa1+ 41. Kh2 Qe5+ 42. Kg1 Qe1+ 43. Kh2 Qe5+ 44. g3 Qc5 45. Rc3 Qd5 46. Rcd3 Qc5 47. Rc3 Qd5 48. Rf4 f6 49. Rh4 h5 50. Rf4 Kf7 1/2-1/2

[Event "16.Città di Padova Open A"]
[Site "Padova Fornace Carotta"]
[Date "2013.12.17"]
[Round "3.18"]
[White "Laurenti, Stefano"]
[Black "Mrdja, Milan"]
[Result "0-1"]
[WhiteElo "2106"]
[BlackElo "2379"]
[Annotator "Gabriele Ballarin"]
[PlyCount "70"]
[EventDate "2013.12.15"]
[EventType "swiss"]
[EventRounds "9"]
[EventCountry "ITA"]

1. e4 d6 2. d4 Nf6 3. Nc3 e5 4. dxe5 dxe5 5. Qxd8+ Kxd8 6. Bg5 Be6 7. Nf3 Nbd7 8. O-O-O Bd6 9. Bh4 h6 10. Bg3 Ke7 11. Bd3 c6 12. Rd2 Nh5 13. Nh4 g6 14. a3 Rhd8 15. Rhd1 Bc7 16. Be2 Nxg3 17. hxg3 Nf6 18. Rxd8 Rxd8 19. Rxd8 Kxd8 20. Kd2 a5 21. Bd3 b5 22. Ne2 g5 23. Nf3 Ng4 24. Ke1 Bb6 25. Kf1 f6 26. b3 Ke7 27. Nc3 Nxf2 28. b4 a4 29. Ke2 Nh1 30. Nd2 Nxg3+ 31. Kf3 Nh5 32. Nxb5 g4+ 33. Ke2 Nf4+ 34. Kf1 Nxd3 35. Nc3 Nb2 0-1

[Event "16.Città di Padova Open A"]
[Site "Padova Fornace Carotta"]
[Date "2013.12.17"]
[Round "3.19"]
[White "Redo, Giorgio"]
[Black "Borgo, Giulio"]
[Result "1/2-1/2"]
[WhiteElo "2084"]
[BlackElo "2369"]
[Annotator "Gabriele Ballarin"]
[PlyCount "129"]
[EventDate "2013.12.15"]
[EventType "swiss"]
[EventRounds "9"]
[EventCountry "ITA"]

1. d4 d5 2. Nf3 Nf6 3. c4 e6 4. Nc3 c6 5. Bg5 Nbd7 6. e3 Qa5 7. Bxf6 Nxf6 8. Qc2 Bb4 9. Nd2 O-O 10. Bd3 c5 11. Nb3 Qc7 12. dxc5 dxc4 13. Bxc4 Bxc5 14. Nxc5 Qxc5 15. Bd3 Bd7 16. O-O Rac8 17. Rac1 Qe5 18. Qe2 Rc5 19. f4 Qc7 20. e4 e5 21. f5 b5 22. Qe3 Rc8 23. Ne2 b4 24. Qxc5 Qxc5+ 25. Rxc5 Rxc5 26. Kf2 Bc6 27. Kf3 Kf8 28. g4 Ke7 29. Rc1 Nd7 30. Bc4 a5 31. g5 Nb6 32. Bb3 Rxc1 33. Nxc1 Bb5 34. Bc2 f6 35. h4 Kd6 36. Bd3 Be8 37. b3 Bf7 38. Ke3 Kc5 39. Be2 Kd6 40. Nd3 Nd7 41. Nb2 Kc6 42. Na4 fxg5 43. hxg5 Nc5 44. Nxc5 Kxc5 45. Bd1 a4 46. Kd3 a3 47. Ke3 Kd6 48. Kd3 Kd7 49. Kc2 Ke7 50. Be2 h6 51. f6+ Kf8 52. fxg7+ Kxg7 53. gxh6+ Kxh6 54. Bc4 Bg6 55. Bd5 Kg5 56. Kd3 Kf4 57. Bc6 Bf7 58. Bd5 Bxd5 59. exd5 e4+ 60. Kc4 e3 61. d6 e2 62. d7 e1=Q 63. d8=Q Qe2+ 64. Kxb4 Qxa2 65. Qc7+ 1/2-1/2

[Event "16.Città di Padova Open A"]
[Site "Padova Fornace Carotta"]
[Date "2013.12.17"]
[Round "3.20"]
[White "Fierro Baquero, Martha Lorena"]
[Black "Murgia, Andrea"]
[Result "1-0"]
[WhiteElo "2362"]
[BlackElo "1977"]
[Annotator "Gabriele Ballarin"]
[PlyCount "77"]
[EventDate "2013.12.15"]
[EventType "swiss"]
[EventRounds "9"]
[EventCountry "ITA"]

1. c4 f5 2. g3 Nf6 3. Bg2 d6 4. Nc3 c6 5. d3 Na6 6. Rb1 e5 7. Nf3 Be7 8. O-O O-O 9. b4 Qe8 10. e3 e4 11. dxe4 fxe4 12. Ng5 d5 13. cxd5 Bxb4 14. dxc6 bxc6 15. Ngxe4 Bf5 16. Nxf6+ Rxf6 17. Rxb4 Nxb4 18. Qb3+ Qf7 19. Qxb4 a5 20. Qa3 Qh5 21. Qc5 g5 22. e4 Rh6 23. h4 Be6 24. Qxg5+ Qxg5 25. Bxg5 Rg6 26. Rd1 Kf7 27. f4 Bg4 28. Rd2 Rgg8 29. f5 Ra7 30. Bf1 Rb8 31. Bc4+ Ke8 32. f6 Bh5 33. e5 Rab7 34. e6 Rd8 35. e7 Rxd2 36. Bxd2 a4 37. f7+ Kxe7 38. Bg5+ Kf8 39. Bh6+ 1-0

[Event "16.Città di Padova Open A"]
[Site "Padova Fornace Carotta"]
[Date "2013.12.17"]
[Round "3.21"]
[White "Boscolo, Federico Meneguolo"]
[Black "Rosina, Graziano"]
[Result "1/2-1/2"]
[WhiteElo "2295"]
[BlackElo "1811"]
[Annotator "Gabriele Ballarin"]
[PlyCount "91"]
[EventDate "2013.12.15"]
[EventType "swiss"]
[EventRounds "9"]
[EventCountry "ITA"]

1. d4 d5 2. Nf3 Nf6 3. Bf4 e6 4. e3 Bd6 5. Nbd2 Bxf4 6. exf4 O-O 7. Bd3 c5 8. c3 cxd4 9. cxd4 Nc6 10. O-O Nb4 11. Bb1 g6 12. Ne5 Qd6 13. Ndf3 Bd7 14. a3 Nc6 15. Qd2 Kg7 16. Bd3 a6 17. Rfe1 Ne7 18. Rac1 Rfc8 19. b4 Rxc1 20. Rxc1 Bb5 21. Ng5 Rf8 22. Bxb5 axb5 23. Qd3 h6 24. Ngf3 Ra8 25. Qxb5 Rxa3 26. Qxb7 Rb3 27. b5 Qa3 28. Rf1 Qb4 29. h3 Nfg8 30. Qc7 Qxb5 31. Nd7 Qc6 32. Qd8 Qc8 33. Qxc8 Nxc8 34. Ra1 Rb7 35. Nc5 Ra7 36. Rb1 Nd6 37. Rb6 Nc4 38. Rb8 Ne7 39. g4 Nc6 40. Rc8 Ne7 41. Rb8 Nc6 42. Rc8 Ne7 {=} 43. Re8 Nc6 44. Rc8 Ne7 45. Rb8 Nc6 46. Rb3 {=} 1/2-1/2